Anfield (UK) Limited v Bank of Scotland Plc, Shafquat Ahmed Siddiqui, London Scottish Finance Limited (Record no. 82782)
[ view plain ]
| 000 -LEADER | |
|---|---|
| fixed length control field | 01418cad a22002295a 4500 |
| 001 - CONTROL NUMBER | |
| control field | L151347 |
| 008 - FIXED-LENGTH DATA ELEMENTS--GENERAL INFORMATION | |
| fixed length control field | 101025e2010 xxk 000 0 eng d |
| 035 ## - SYSTEM CONTROL NUMBER | |
| System control number | (Sirsi) u151347 |
| 041 0# - LANGUAGE CODE | |
| Language code of text/sound track or separate title | eng |
| 245 00 - TITLE STATEMENT | |
| Title | Anfield (UK) Limited v Bank of Scotland Plc, Shafquat Ahmed Siddiqui, London Scottish Finance Limited |
| 260 ## - PUBLICATION, DISTRIBUTION, ETC. | |
| Date of publication, distribution, etc. | 2010 |
| 520 ## - SUMMARY, ETC. | |
| Summary, etc. | [2010] EWHC 2374 (Ch), 24 September 2010. A loan to defendant S was secured by a charge over S's property registered at the Land Registry in 2000. Defendant B lent S money to redeem the earlier charge and received an executed charge in 2006. B did not protect its loan at the Land Registry until 2009 whereas an equitable charge in favour of claimant A had been registered on S's title in the meantime. Who had priority? Held: Although B did not protect its loan to S at the Land Registry until 2009, it was entitled to gain priority through subrogation over lenders registered earlier. |
| 590 ## - LOCAL NOTE (RLIN) | |
| Local note | K |
| 650 24 - SUBJECT ADDED ENTRY--TOPICAL TERM | |
| Topical term or geographic name entry element | ANFIELD (UK) LTD V BANK OF SCOTLAND PLC AND ORS |
| 650 24 - SUBJECT ADDED ENTRY--TOPICAL TERM | |
| Topical term or geographic name entry element | BURSTON FINANCE V SPEIRWAY LTD |
| 650 24 - SUBJECT ADDED ENTRY--TOPICAL TERM | |
| Topical term or geographic name entry element | CHELTENHAM & GLOUCESTER PLC V APPLEYARD |
| 650 24 - SUBJECT ADDED ENTRY--TOPICAL TERM | |
| Topical term or geographic name entry element | BANQUE FINANCIERE DE LA CITE V PARC (BATTERSEA) LTD |
| 651 #4 - SUBJECT ADDED ENTRY--GEOGRAPHIC NAME | |
| Geographic name | England and Wales |
| Chronological subdivision | 1543- |
| 690 ## - LOCAL SUBJECT ADDED ENTRY--TOPICAL TERM (OCLC, RLIN) | |
| Topical term or geographic name as entry element | PROPERTY-PROPERTY ACQUISITION AND DISPOSAL |
| 856 40 - ELECTRONIC LOCATION AND ACCESS | |
| Uniform Resource Identifier | <a href="https://www.bailii.org/ew/cases/EWHC/Ch/2010/2374.html">https://www.bailii.org/ew/cases/EWHC/Ch/2010/2374.html</a> |
| Public note | View the law report free of charge at ww.bailii.org |
| 942 ## - ADDED ENTRY ELEMENTS (KOHA) | |
| Suppress in OPAC | 0 |
| Withdrawn status | Lost status | Source of classification or shelving scheme | Damaged status | Not for loan | Home library | Current library | Shelving location | Date acquired | Total Checkouts | Full call number | Barcode | Date last seen | Copy number | Price effective from | Koha item type |
|---|---|---|---|---|---|---|---|---|---|---|---|---|---|---|---|
| Dewey Decimal Classification | Virtual | Virtual | Online | 25/10/2010 | ONLINE PUBLICATION | 151347-2001 | 06/08/2019 | 1 | 06/08/2019 | Law report |